Loading...
| BB | 1 | 3 | 0 | 3 | 45 | 68 | 118.00 | 1 | 4 | 0.00 | 0.00 |
| MB | 1 | 3 | 0 | 2 | 45 | 47 | 98.00 | 0 | 2 | 0.00 | 0.00 |
| AG | 1 | 1 | 0 | 0 | 25 | 65 | 101.00 | 0 | 2 | 0.00 | 0.00 |
| RR | 1 | 1 | 0 | 1 | 25 | 66 | 108.00 | 1 | 2 | 0.00 | 0.00 |
| AR | 0 | 1 | 0 | 0 | 10 | 110 | 110.00 | 0 | 1 | 0.00 | 0.00 |
| TR | 0 | 1 | 0 | 1 | 10 | 143 | 143.00 | 0 | 0 | 0.00 | 0.00 |
| MB | Gretchen | 15 | 47 |
| AG | shoes | 15 | 65 |
| RR | Columbine school shooting | 15 | 66 |
| BB | sunspots | 15 | 68 |
| MB | the Netherlands | 10 | 94 |
| AR | spiders | 10 | 110 |
| MB | Battle of Kosovo Polje | 10 | 125 |
| MB | Naming and Necessity | 10 | 126 |
| BB | magnetic field strength | 10 | 131 |
| BB | obstructive sleep apnea | 10 | 136 |